Normal view
MARC view
- Khaliquzzaman, Choudhry
Entry Personal Name
001 - CONTROL NUMBER
- control field: 111760
003 - CONTROL NUMBER IDENTIFIER
- control field: NUST
005 - DATE AND TIME OF LATEST TRANSACTION
- control field: 20230406102734.0
008 - FIXED-LENGTH DATA ELEMENTS
- fixed length control field: 230406|| aca||aabn | a|a d
040 ## - CATALOGING SOURCE
- Original cataloging agency: NUST
- Transcribing agency: NUST
100 ## - HEADING--PERSONAL NAME
- Personal name: Khaliquzzaman, Choudhry
670 ## - SOURCE DATA FOUND
- Source citation: Work cat.: (NUST)187410: Khaliquzzaman, Choudhry, Pathway To Pakistan /
